000 01071nam a2200253Ia 4500
005 20190212083901.0
008 130821s2012 mx ab gr spa
020 _a9786073209403
040 _aCo-BoUCM
_bspa
_cSaul Niño (Modificó)
_d[Nuevo]
041 0 0 _aspa
245 1 0 _aResponsabilidad social empresarial
_cEmmanuel Raufflet, José Félix Lozano, Ernesto Barrera, Consuelo García de la Torre ; revisión técnica Luz María Velázquez, Miriam Molinar
260 _aMéxico D.F. (México)
_bPearson
_c2012
300 _axxii, 346 páginas
_bilustraciones, gráficas, mapas, tablas
650 0 4 _aAdministración de empresas
_9435
650 0 4 _aCultura corporativa
_912394
650 0 4 _aÉtica de los negocios
_915233
650 0 4 _aResponsabilidad social de los negocios
_923694
700 1 _aBarrera Duque, Ernesto
_995515
700 1 _aGarcía de la Torre, Consuelo
_995516
700 1 _aLozano Aguilar, José-Félix
_995517
700 1 _aRaufflet, Emmanuel
_995518
942 _cLIBRO
_a16
_e1
_mR434e
_2DEWEY
_h658.408
999 _c40841
_d40841